| 000 | 00420nam a2200157 4500 | ||
|---|---|---|---|
| 001 | 114268 | ||
| 003 | ES-MaACL | ||
| 005 | 20230906190120.0 | ||
| 007 | t| | ||
| 008 | 061121s1929 fr r ||||1| fre d | ||
| 100 | 1 |
_aPallarés Arteta, Leónidas. _988578 |
|
| 245 | 1 | 0 |
_aMis nietos / _cLeonidas Pallarés Arteta. |
| 260 |
_aParis : _bFrazier-Soye, _c1929. |
||
| 300 |
_a3 h. ; _c20 cm. |
||
| 852 |
_aES-MaACL _j1735-F-18 |
||
| 999 |
_c114268 _d114268 |
||